Movies Quiz

Random Movies or Clickable Quiz

5-Star Movie Pairs Quiz Stats

 Plays Quiz Updated Sep 13, 2016

Also try: 2 Actors, 3 Movies
Challenge
Share
Tweet
Embed
Score 0/45 Timer 10:00
0 Plays Today
% Correct
Edward Scissorhands
97.6%
Alice in Wonderland
95.9%
Sweeney Todd: The Demon Barber of Fleet Street
94.9%
Corpse Bride
90.6%
Pulp Fiction
89.4%
The Wolf of Wall Street
89.2%
Ocean's Eleven
86.2%
The Aviator
86.2%
Django Unchained
85.3%
Ocean's Twelve
85.2%
Shutter Island
84.6%
Gangs of New York
84.2%
The Departed
83.9%
Kill Bill: Vol. 2
80.9%
Jackie Brown
77.5%
The Royal Tenenbaums
75.8%
Fargo
75.8%
Ed Wood
75.6%
The Big Lebowski
75.1%
Inglourious Basterds
74.7%
Los amantes pasajeros
72%
Hannah and Her Sisters
69.7%
The Life Aquatic with Steve Zissou
69.6%
% Correct
The Grand Budapest Hotel
67.8%
Boogie Nights
65.6%
The Darjeeling Limited
63.8%
The Informant!
61.8%
Barton Fink
59.4%
Volver
56.6%
The Master
56.6%
The Purple Rose of Cairo
56.5%
Behind the Candalabra
55.6%
Fantastic Mr Fox
55.6%
Magnolia
54%
Contagion
54%
Crimes and Misdemeanors
52.2%
Another Woman
50.6%
The Hudsucker Proxy
48.7%
All About My Mother
43.9%
Punch-Drunk Love
42.8%
Broken Embraces
33.8%
September
32.1%
Hard Eight
31.4%
Live Flesh
24.5%
Paris, je t'aime
17.4%

You're not logged in!

Compare scores with friends on all Sporcle quizzes.
OR
Log In

You Might Also Like...

Show Comments

Extras

Top Quizzes Today


Score Distribution

Your Account Isn't Verified!

In order to create a playlist on Sporcle, you need to verify the email address you used during registration. Go to your Sporcle Settings to finish the process.

Report this User

Report this user for behavior that violates our Community Guidelines.

Details: